El general San Martín después de Chacabuco

Saved in:
Bibliographic Details
Main Author: Vicuña Mackenna, Benjamín, 1831-1886 (Author)
Format: Book
Language:Spanish
Published: Santiago Rafael Jover 1877
Edition:1a. ed
Subjects:
Tags: Add Tag
No Tags, Be the first to tag this record!

MARC

LEADER 00000nam a2200000 a 4500
001 UCJ4491
003 CL-VaPUC
008 070124e18770000CL |||||||||||||||||spa|d
082 0 4 |a 983  |b VIC  |2 21 
100 |a Vicuña Mackenna, Benjamín,  |d 1831-1886  |x Político e historiador   |z Chile   |e author  |9 374 
245 1 3 |a El general San Martín después de Chacabuco 
246 1 3 |a El general San Martín antes de Maipo: ocho cartas inéditas i autógrafas del general San Martín al general O'Higgins en 1817 
246 1 3 |a El almirante don Manuel Blanco Encalada: rasgos biográficos 
250 |a 1a. ed 
300 |a 31 p 
942 |c BK 
945 |d 20070124 00:00:00  |a rinostro 
260 |a Santiago  |b Rafael Jover  |c 1877 
500 |a Tres folletos empastados bajo el rótulo El Jeneral San Martín; se encuentran tambien, junto a otros, en un volumen con MFN N§ 1619 
600 0 7 |a SAN MARTIN, JOSE DE  |2 CL-VaPUC  |9 508340 
600 0 |a O'higgins Riquelme, Bernardo  |9 387808 
650 7 |a BIOGRAFIA  |2 CL-VaPUC  |9 504622 
650 0 |a Guerra de la independencia   |9 331979 
650 0 |a Operaciones militares  |9 372045 
650 7 |a DOCUMENTOS  |2 CL-VaPUC  |9 366450 
650 7 |a FUENTES  |2 CL-VaPUC  |9 255666 
650 7 |a EPISTOLARIO  |2 CL-VaPUC  |9 321776 
583 |a last modification  |c 20070124 00:00:00  |k Rodrigo Vera 
999 |c 320607  |d 320605 
952 |0 0  |1 0  |4 0  |6 983_000000000000000_VIC_1877  |7 0  |8 X  |9 399157  |a FDOBUD  |b FDOBUD  |d 2019-11-22  |i 1018582  |o 983 VIC 1877  |p 1018582  |r 2019-11-22  |w 2019-11-22  |y BK_X  |k BUD